Datum a čas kvízu
28
Celkem bodů
Celkový počet nahraných bodů na tomto kvízu bez doplňovacích otázek.
8.
Pořadí na kvízu
Konečné umístění týmu na tomto kvízu.
Zaznamenané odpovědi
| # | Otázka | Odpověď | Body | Výsledky |
|---|---|---|---|---|
| 1. | V Olomouci se objevil případ m... | na sušáku na prádlo (na klepači na koberce) | 1 | |
| 2. | Který ze členů britské královs... | princ Andrew | 1 | |
| 3. | Středeční přehlídka spodního p... | A) v devátém měsíci těhotenství | 1 | |
| 4. | Velký průlom v regenerativní m... | krev | 0 | |
| 5. | Fotbalisté z malého afrického... | Kapverdy | 1 | |
| 6. | Asijská poušť Karakum, uprostř... | Turkmenistán | 1 | |
| 7. | Uveďte, kterým čtyřpísmenným p... | vádí | 0 | |
| 8. | Vyberte, se kterým živočichem... | B | 1 | |
| 9. | Pokud bylo cílovým místem slav... | růžová (Růžové jezero) | 0 | |
| 10. | Který spisovatel je autorem vě... | Frank Herbert | 0 |